000 00259nam a22001097a 4500
040 _cHS
082 _a495
100 _aសិរិ ម៉ារឌី
245 _aអង់គ្លេស
260 _aRUA
_bសិរិ ម៉ារឌី
_c2009
942 _cEK
999 _c8462
_d8462